Nepriame dane ako významný príjem štátneho rozpočtu v rámci krajín Európskej únie bakalárska práca

Salvato in:
Dettagli Bibliografici
Autore principale: Ivanová, Darina
Ente Autore: Národohospodárska fakulta EU. Katedra financií
Altri autori: Válek, Juraj, 1981-
Natura: Libro
Lingua:slovacco
Pubblicazione: Bratislava 2018
Tags: Aggiungi Tag
Nessun Tag, puoi essere il primo ad aggiungerne!!

MARC

LEADER 00000nbm a2200000 4500
001 0245830
005 20181213131307.8
041 0 |a slo 
044 |a SK 
245 1 0 |a Nepriame dane ako významný príjem štátneho rozpočtu v rámci krajín Európskej únie  |b bakalárska práca  |c Darina Ivanová ; školiteľ: Juraj Válek 
264 1 |a Bratislava  |c 2018 
300 |a 57 s. 
100 1 |a Ivanová, Darina 
700 1 |a Válek, Juraj, 1981- 
710 2 |a Národohospodárska fakulta EU. Katedra financií